00479nam a2200157Ia 450000500170000000800410001708200130005824500380007126000350010930000190014465000270016365000160019094200060020695200940021299900150030620240801050150.0240331s9999 xx 000 0 und d bNONa374 0aNon formal education in Sri Lanka aColombobMarga Institutec1974 aXiii, 242 p ., a Non-Formal Education aAgriculture cL 001040708LaWERCLbWERCLcSSCd2024-03-31l0o 374 NONp121r2024-03-31w2024-03-31yL c2931d2931